000 00832nam a2200229 a 4500
999 _c6873
_d6873
001 6873
003 BD-JhCC
005 20180203115134.0
008 171210s198২ bg a|||| ||a| 000 0 ben d
035 _a(BD-JhCC)6873
040 _aBD-JhCC
_dBD-JhCC
041 _aben
082 _a597
_bSHA 1982
100 _aশফি, মোহাম্মদ
245 _aবাংলাদেশের মৎস্য সম্পদ /
_cমোহাম্মদ শফি; মিয়াঁ মুহম্মদ আবদুল কুদ্দুস
260 _aঢাকা :
_bবাংলা একাডেমী,
_c1982.
300 _a144 p. :
_c22 cm.
650 _aFisheries of Bengladesh
700 _aকুদ্দুস, মিয়াঁ মুহম্মদ আবদুল
942 _2ddc
_cBK